000 00835nam a2200253Ia 4500
003 OSt
005 20221005065854.0
006 a|||||r|||| 00| 0
007 ta
008 221004b |||||||| |||| 00| 0 urd d
020 _c350
024 _a33162
037 _b3394, 26/03/2010, Educational Publishing House
_cTextual
040 _aCRL
_cCRL
_burd
041 _2urd
_aurd
082 _aP168:3, P3
100 _aWalson Saroolem Au.
_9605053
245 0 _aGhair aaryayi zubanon ki taqabali lughat
260 _aMultan
_bSaraiki research centre Pakistan
_c2003
650 _aURDU LANGUAGE - GRAMMAR
700 _a Akhtar Shabir Hasan Tr.
_9605054
942 _hP168:3, P3
_cTEXL
_2cc
999 _c975312
_d975312